000 00262nam a22001217a 4500
008 170615b xxu||||| |||| 00| 0 eng d
041 _aeng
080 _a94
100 _a16
101 _aSHH
245 _aHUMAN DEMOGRAPHY AND DISEASE
_cSCOTT
942 _2udc
_cBK
999 _c17579
_d17579